000 00944cam a2200241 i 4500
005 20260125095434.0
008 250721s2007 jo gr 000 0 ara d
020 _a9789957116941
082 1 4 _a345.56507
_bف ا ع
100 1 _aالفاعوري، فتحي توفيق
_eمؤلف.
245 1 0 _aعلانية المحاكمات الجزائية في التشريع الأردني مقارنة بالتشريعات الفرنسية و المصرية /
_cالدكتور فتحي توفيق الفاعوري.
250 _aالطبعة الأولى.
264 3 1 _aعمان :
_bدار وائل للنشر،
_c2007.
300 _a216 صفحة.
650 1 7 _aالمحاكم الجنائية.
650 1 7 _aالإجراءات الجنائية.
650 1 7 _aالقضاء الجنائي.
650 1 7 _aالأردن.
650 1 7 _aفرنسا.
650 1 7 _aمصر.
942 _2ddc
_cBK
999 _c105725
_d105725